Central Library OPAC University of Rajshahi

A new model of the universe : (Record no. 29315)

MARC details
000 -LEADER
fixed length control field 01268cam a22002771 4500
001 - CONTROL NUMBER
control field 29315
003 - CONTROL NUMBER IDENTIFIER
rucl marc code BD-RjUL
005 - DATE AND TIME OF LATEST TRANSACTION
control field 20211209051410.0
008 - FIXED-LENGTH DATA ELEMENTS--GENERAL INFORMATION
fixed length control field 140403r19531938enka 001 0 eng d
035 ## - SYSTEM CONTROL NUMBER
System control number (BD-RjUL)29400
040 ## - CATALOGING SOURCE
Original cataloging agency DLC
Transcribing agency OCl
Modifying agency OCoLC
-- DLC
-- BD-RjUL
Language of cataloging eng
041 1# - LANGUAGE CODE
Language code of text/sound track or separate title engrus
082 00 - DEWEY DECIMAL CLASSIFICATION NUMBER
Classification number 159.961
Author mark and year OUN 1967
100 1# - MAIN ENTRY--PERSONAL NAME
Personal name Ouspensky P. D.
Fuller form of name (Petr Demʹi︠a︡novich),
Dates associated with a name 1878-1947.
9 (RLIN) 89441
245 12 - TITLE STATEMENT
Title A new model of the universe :
Remainder of title principles of the psychological method in its application to problems of science, religion, and art /
Statement of responsibility, etc. by P. D. Ouspensky.
250 ## - EDITION STATEMENT
Edition statement 3rd ed.
260 ## - PUBLICATION, DISTRIBUTION, ETC. (IMPRINT)
Place of publication, distribution, etc. London :
Name of publisher, distributor, etc. Routledge and kegan paul,
Date of publication, distribution, etc. 1938 [Reprinted 1953].
300 ## - PHYSICAL DESCRIPTION
Pagination xxi, 554 p. :
Illustrations ill. ;
Size 25 cm.
504 ## - BIBLIOGRAPHY, ETC. NOTE
Bibliography, etc Include index.
505 0# - FORMATTED CONTENTS NOTE
Formatted contents note Introduction.--Esotericism and modern thought.--The fourth dimension.--Superman.--Christianity and the New Testament.--The symbolism of the Tarot.--What is yoga?--On the study of dreams and on hypnotism.--Experimental mysticism.--In search of the miraculous.--A new model of the universe.--Eternal recurrence and the laws of Manu.--Sex and evolution.
650 #0 - SUBJECT ADDED ENTRY--TOPICAL TERM
Topical term or geographic name as entry element Occultism.
9 (RLIN) 3332
Topical term or geographic name as entry element Fourth dimension.
9 (RLIN) 89442
942 ## - ADDED ENTRY ELEMENTS (KOHA)
Source of classification or shelving scheme Dewey Decimal Classification
Koha item type Books
Holdings
Lost status Source of classification or shelving scheme Damaged status Not for loan Collection code Permanent Location Current Location Shelving location Date acquired Source of acquisition Cost, normal purchase price Total Checkouts Full call number Date last seen Copy number Koha item type
  Dewey Decimal Classification     Non-fiction Central Library, University of Rajshahi Central Library, University of Rajshahi   16/08/1973 Shirin pull 117.50   159.961 OUN 1967 03/04/2014 C-2 Books
  Dewey Decimal Classification   Added to bundle Non-fiction Central Library, University of Rajshahi Central Library, University of Rajshahi Reading Room 02/02/1956 A. B. C. 32.80   159.961 OUN 1953 03/04/2014 C-1 Books